000 01030nam a22003377a 4500
001 14926631
003 OSt
005 20170518101058.0
008 160901b xxu||||| |||| 00| 0 eng d
010 _a 2007581054
020 _a0373751338 (pbk.)
020 _a9780373751334 (pbk.)
035 _a(OCoLC)ocm70925478
035 _a(OCoLC)70925478
040 _ammu
_cmmu
_dmmu
_dmmu
_beng
042 _alccopycat
050 0 0 _aPS3866 .L466 2006
100 1 _aLeonard, Tina.
245 1 0 _aMy baby, my bride /
_cTina Leonard.
260 _aToronto ;
_aNew York :
_bHarlequin,
_cc2006.
300 _a251 p. ;
_c17 cm.
440 0 _aHarlequin American Romance ;
_v1129
490 0 _aAmerican romance
490 0 _aThe Tulips Saloon
650 0 _aMan-woman relationships
_vFiction.
655 7 _aLove stories.
_2gsafd
710 2 _aCopyright Paperback Collection (Library of Congress)
_5DLC
906 _a7
_bcbc
_ccopycat
_d2
_encip
_f20
_gy-genrareb
942 _2lcc
_cLOAN LOAN
999 _c18906
_d18906